00350nam a22001337a 4500020001500000082001400015100002000029245005300049260004700102300000800149650001400157650002300171650002200194 a0198556624 a547.2 THo aThomes,susan E. aOrganic Synthesis:The roles of Boron and silicon aNew York:bOxford University Press,c1991. a92P aChemistry aOrganic Synthesis  aBoron and Silicon